Dans quel club évoluaient ces ballons d'or? - Statistiques

Statistiques générales
  • Ce quiz a été pris 143 fois
    35 depuis la dernière actualisation
  • Le résultat moyen est 57 sur 69
Statistiques - réponses
Années Ballons d'or Pays du club Clubs % Correct
2007 Ricardo Kaka Italie AC Milan
97%
2004 Andrei Shevchenko Italie AC Milan
97%
2019 Lionel Messi Espagne FC Barcelone
97%
2015 Lionel Messi Espagne FC Barcelone
97%
2012 Lionel Messi Espagne FC Barcelone
97%
2011 Lionel Messi Espagne FC Barcelone
97%
2010 Lionel Messi Espagne FC Barcelone
97%
2009 Lionel Messi Espagne FC Barcelone
97%
2005 Ronaldinho Gaucho Espagne FC Barcelone
97%
1999 Rivaldo Espagne FC Barcelone
97%
2001 Michael Owen Angleterre FC Liverpool
97%
2024 Rodri Angleterre Manchester City
97%
2008 Cristiano Ronaldo Angleterre Manchester United
97%
2025 Ousmane Dembélé France Paris-Saint-Germain
97%
2023 Lionel Messi France Paris Saint-Germain
97%
2021 Lionel Messi France Paris Saint-Germain
97%
2022 Karim Benzema Espagne Réal Madrid
97%
2018 Luka Modric Espagne Réal Madrid
97%
2017 Cristiano Ronaldo Espagne Réal Madrid
97%
2016 Cristiano Ronaldo Espagne Réal Madrid
97%
2014 Cristiano Ronaldo Espagne Réal Madrid
97%
2013 Cristiano Ronaldo Espagne Réal Madrid
97%
2006 Fabio Cannavaro Espagne Réal Madrid
97%
2002 Ronaldo Nazario Espagne Réal Madrid
97%
2000 Luis Figo Espagne Réal Madrid
97%
1995 George Weah Italie AC Milan
93%
1992 Marco Van Basten Italie AC Milan
93%
1989 Marco Van Basten Italie AC Milan
93%
1988 Marco Van Basten Italie AC Milan
93%
1987 Ruud Gullit Italie AC Milan
93%
1996 Matthias Sammer Allemagne Borussia Dortmund
93%
1994 Hristo Stoitchkov Espagne FC Barcelone
93%
1997 Ronaldo Nazario Italie Inter Milan
93%
1990 Lothar Matthaus Italie Inter Milan
93%
1991 Jean-Pierre Papin France Olympique de Marseille
93%
1981 Karl-Heinz Rummenigge Allemagne Bayern Munich
90%
1980 Karl-Heinz Rummenigge Allemagne Bayern Munich
90%
2003 Pavel Nedved Italie Juventus Turin
86%
1998 Zinédine Zidane Italie Juventus Turin
86%
1993 Roberto Baggio Italie Juventus Turin
86%
1985 Michel Platini Italie Juventus Turin
86%
1984 Michel Platini Italie Juventus Turin
86%
1983 Michel Platini Italie Juventus Turin
86%
1982 Paolo Rossi Italie Juventus Turin
86%
1976 Franz Beckenbauer Allemagne Bayern Munich
83%
1969 Gianni Rivera Italie AC Milan
79%
1971 Johan Cruyff Pays-Bas Ajax Amsterdam
79%
1972 Franz Beckenbauer Allemagne Bayern Munich
79%
1970 Gerd Muller Allemagne Bayern Munich
79%
1974 Johan Cruyff Espagne FC Barcelone
79%
1973 Johan Cruyff Espagne FC Barcelone
79%
1960 Luis Suarez Epagne FC Barcelone
79%
1966 Bobby Charlton Angleterre Manchester United
79%
1959 Alfredo Di Stefano Espagne Réal Madrid
79%
1958 Raymond Kopa Espagne Réal Madrid
79%
1957 Alfredo Di Stefano Espagne Réal Madrid
79%
1965 Eusebio Portugal Benfica Lisbonne
76%
1968 George Best Angleterre Manchester United
76%
1964 Denis Law Angleterre Manchester United
72%
1961 Omar Sivori Italie Juventus Turin
69%
1963 Lev Yachine URSS Dinamo Moscou
66%
1962 Josef Masopust Tchécoslovaquie Dukla Prague
52%
1979 Kevin Keegan Allemagne SV Hambourg
45%
1978 Kevin Keegan Allemagne SV Hambourg
45%
1986 Igor Belanov URSS Dynamo Kiev
38%
1975 Oleg Blokhine URSS Dynamo Kiev
34%
1967 Florian Albert Hongrie Ferencvaros
34%
1977 Allan Simonsen Allemagne Borussia Monchengladbach
17%
1956 Stanley Matthews Angleterre FC Blackpool
10%
Aucun quiz correspondant
Distribution des résultats
% des personnes avec chaque résultat
Percentile par nombre de réponses
Votre historique - résultats
Vous n’avez pas pris ce quiz depuis la dernière actualisation